000 00263nam a22001097a 4500
008 160523b xxu||||| |||| 00| 0 eng d
020 _a0721617662
041 _aeng
080 _a615
245 _aPharmacology for nursing care:
_cRichard A. Lehne;
942 _2udc
_cBK
999 _c2404
_d2404